|
|
|
|
| LEADER |
00000ny a22000003n 4500 |
| 005 |
20110623173235.0 |
| 008 |
100519s2010 mx 001 0 spa c |
| 020 |
|
|
|a 9788498498752
|
| 035 |
|
|
|a 5022
|
| 040 |
|
|
|a SpMaUCTR
|d vlex
|
| 080 |
|
|
|a 179.7
|
| 080 |
|
|
|a 340.62
|
| 080 |
|
|
|a 618.39
|
| 090 |
|
|
|c 1091
|d 1091
|
| 100 |
1 |
|
|a Carpizo, Jorge
|
| 245 |
1 |
0 |
|a Derechos humanos, aborto y eutanasia
|h [Recurso electrn̤ico]
|c Jorge Carpizo, Diego Valadš
|
| 256 |
|
|
|a Servicio en ln̕ea
|
| 260 |
|
|
|a Mx̌ico :
|b Dykinson,
|c 2010.
|
| 506 |
1 |
|
|a Contenido solo disponible en los productos indicados
|d vLex Global
|d vLex Global (Academic Edition, excluding Law Schools)
|d vLex Global (U.S. Academic Edition, Law Schools)
|d vLex Global (U.S. Academic Edition, excluding Law Schools)
|d vLex Global (Academic Edition, Law Schools)
|
| 650 |
0 |
4 |
|a Aborto
|2 Tesauro vLex
|
| 650 |
0 |
4 |
|a Derechos humanos
|2 Tesauro vLex
|
| 650 |
0 |
4 |
|a Eutanasia
|2 Tesauro vLex
|
| 650 |
0 |
4 |
|a Derecho a la vida
|2 Tesauro vLex
|
| 650 |
0 |
4 |
|a Derechos fundamentales
|
| 650 |
0 |
4 |
|a Eutanasia
|
| 650 |
0 |
4 |
|a Proteccin̤ de los derechos fundamentales de la persona
|
| 700 |
1 |
|
|a Valadš, Diego
|
| 740 |
0 |
|
|a vLex Libros (Servicios en ln̕ea)
|
| 856 |
4 |
0 |
|u http://vlex.com/source/5022
|z Acceso restringido
|
| 942 |
|
|
|c BOOK
|
| 999 |
0 |
4 |
|a Aborto.
|
| 999 |
0 |
4 |
|a Eutanasia.
|
| 999 |
0 |
4 |
|a Abortion.
|
| 999 |
0 |
4 |
|a Euthanasia.
|